000
00306nam a22001457a 4500
008
210511b ||||| |||| 00| 0 eng d
020
_a
0521243718
041
_a
eng
080
_a
7
082
_a
7
100
_a
44
101
_a
ART
245
_a
Looking at Pictures
_c
Susan Woodford
942
_2
udc
_c
BK
999
_c
57156
_d
57156